000 00703nam a22001817a 4500
005 20251108165225.0
008 250721s1986 xx 000 0 ara d
082 1 4 _aط/922.1/آل
100 1 _aعلي، علي يوسف
245 1 0 _aالإمام الألوسي شهاب الدين الألوسي أبو الثناء محمود عبد الله بن محمود بن درويش الحسيني الألوسي شهاب الدين /
264 1 _aبيروت :
_bدار الجيل،
_c1986.
300 _a23ص
490 0 _aمع الخالدين للشباب ؛3
650 1 7 _aالألوسي؛شهاب الدين
653 _aناشئون صغار (10-14) سنة
942 _2ddc
_cBK
999 _c22571
_d22571